• 首页
  • 本馆介绍
  • 公告通知
  • 最新文献
  • 馆藏检索
  • 电子资源
  • 读者导购
  • 参考咨询
  • 我的图书馆
  • 登录
  • 详细信息显示
  • 放入我的书架
  • 预约/预借图书
  • 作者相关作品
  • 分类相关作品
  • 丛书相关作品
  • 出版社相关作品

书目信息

  • 表格格式
  • 工作单格式
  • 卡片格式
题名:
文字改革文集
    
 
作者: 吴玉章 著
分册:  
出版信息: 北京   中国人民大学出版社  1978.12
页数: 253页
开本: 21cm
丛书名:
单 册:
中图分类: H124.2
科图分类:
主题词: 汉字--文字学
电子资源:
ISBN:
000 00514nam0 2200193 45
001 0306231606
005 20060810103427.35
010    @dCNY0.92
100    @a20030623d1978 km y0chiy0120 ea
101 0  @achi
105    @aa z 000yy
200 1  @a文字改革文集@AWen Zi Gai Ge Wen Ji@f吴玉章著@FWu Yu Zhang Zhu
210    @a北京@c中国人民大学出版社@d1978.12
215    @a253页@d21cm
606 0  @a汉字@x文字学
690    @aH124.2@v3
701  0 @a吴玉章@4著
801    @aCN@bTSTC@c20060810
905    @dH124.2@e2@f1@b7010
    
    文字改革文集/吴玉章著.-北京:中国人民大学出版社,1978.12
    253页;21cm
    
    
    ISBN :CNY0.92
    
●
相关链接 在E读中查询图书 在五车中查询图书 在当当中查询图书 在豆瓣中查询图书


正题名:文字改革文集     索取号:H124.2/2         预约/预借

序号 登录号 条形码 馆藏地/架位号 状态 备注
1 0007010   000832914   第二样本阅览室/ [索取号:H124.2/2] 在馆    
2 0007011   001832798   密集书库/ [索取号:H124.2/2] 在馆    
3 0450852   204508522   密集书库/ [索取号:H124.2/2] 在馆    
唐山师范学院图书馆 欢迎您!
大连网信软件有限公司© 版权所有